Normal view
MARC view
Entry Personal Name
001 - CONTROL NUMBER
- control field: 3630
003 - CONTROL NUMBER IDENTIFIER
- control field: ARRUPE
005 - DATE AND TIME OF LATEST TRANSACTION
- control field: 20131121171452.0
008 - FIXED-LENGTH DATA ELEMENTS
- fixed length control field: 131121|| aca||aabn | a|a d
040 ## - CATALOGING SOURCE
- Original cataloging agency: ARRUPE
- Transcribing agency: ARRUPE
100 ## - HEADING--PERSONAL NAME
- Personal name: Chesterton, G.K.
- Fuller form of name: (Gilbert Keith),
- Dates associated with a name: 1874-1936
- General subdivision: Political and social views.
670 ## - SOURCE DATA FOUND
- Source citation: Work cat.: (ARRUPE)0: Corrin, Jay P., 1943- 3629, G.K. Chesterton & Hilaire Belloc :, c1981.